000 00866nam a2200253 a 4500
001 84157
003 BD-RjUL
005 20241023143933.0
008 241023s1961 pk a 000 0 eng
035 _a(BD-RjUL)84157
040 _aDLC
_cViU
_dDLC
_dBD-RjUL
_beng
041 _aeng
082 _223
_a345.540231
_bMUS 1961
100 2 _aAhmad Khan, Muin-ud-din.
_913913
245 1 0 _aSelections from Bengal government records on Wahhabi trials (1863-1870) /
_cMuin-ud-din Ahmad Khan.
250 _a1st ed.
260 _aDacca :
_bAsiatic Society of Pakistan,
_c1961.
300 _axviii, 429 p.:
_billus.;
_c24 cm.
410 2 0 _aAsiatic Society of Pakistan.
_tPublication,
_vno. 8
500 _aStamped on t. p.: Tippera Book Depot, Dacca.
650 0 _aTrials (Political crimes and offenses)
_zIndia
_zBengal.
_913914
650 0 _aWahhābīyah.
942 _2ddc
_cBK
999 _c84157
_d84157